000
00273nam a22001217a 4500
008
170930b xxu||||| |||| 00| 0 eng d
041
_a
eng
080
_a
37
100
_a
47
101
_a
EDU
245
_a
MULTIVARIATE ANALYSIS OF VARIANCE
_c
BARKER, H.R
942
_2
udc
_c
BK
999
_c
30920
_d
30920